Predzásobenie aurohotovosťou - možnosti účtovania

Bibliographic Details
Main Author: Mráziková, Janka (Author)
Format: Article
Language:Slovak
Subjects:

MARC

LEADER 00000nab a2200000 ar4500
001 vtls009456046
003 SK-MaSNL
005 20260304041452.0
008 081217c2008 xo er|p|||||||000 b|slo
015 |a SNBRB2009/01  |2 snkbucl 
038 |a SNKBUCL 
040 |a SNKBUCL  |b slo  |c SNKBUCL  |e AACR2 
041 0 |a slo 
044 |a xo  |c SK 
080 |a 336.74  |2 2001 
080 |a 352/354  |x (437.6)  |2 2001 
100 1 |a Mráziková, Janka  |4 aut  |9 332307 
245 1 0 |a Predzásobenie aurohotovosťou - možnosti účtovania  |c Janka Mráziková 
650 0 7 |a peňažná mena  |2 snkbucl  |9 1323212 
650 0 7 |a zavedenie eura  |2 snkbucl  |9 118936 
651 7 |a Slovensko  |2 snkbucl 
773 0 |t Verejná správa : školy, úrady, obce, kultúra, zdravotníctvo, rozpočtové, príspevkové, neziskové organizácie  |g Č. 12-13 (2008), s. 60-61  |x 0231-7303 
852 |a SNK  |b KIS3GCP 
958 |a SK 
999 |c 2668607  |d 2670537